Statystyki dla Państwa, które dzielą te pasma górskie

Kliknij tutaj aby rozwiązać quiz!

Ogólne statystyki

  • Ten quiz został rozwiązany 443 razy
  • Średni wynik to 35 z 37

Statystyki odpowiedzi

Pasmo górskieAlpy% Poprawnych
AlpyAustria
99%
KarpatyAustria
99%
Czechy
99%
SudetyCzechy
99%
Francja
99%
Francja
99%
Hiszpania
99%
Góry BetyckieHiszpania
99%
Niemcy
99%
Niemcy
99%
Norwegia
99%
Polska
99%
Polska
99%
Szwajcaria
99%
Szwecja
99%
Włochy
99%
Włochy
99%
Góry SkandynawskieFinlandia
98%
Słowacja
98%
Liechtenstein
97%
Słowenia
97%
Słowenia
97%
Węgry
97%
Węgry
97%
Chorwacja
96%
PirenejeAndora
95%
Rumunia
95%
Serbia
95%
Serbia
95%
Ukraina
95%
Góry DynarskieAlbania
94%
Bosnia i Hercegowina
93%
Czarnogóra
93%
ApeninySan Marino
93%
Kosowo
91%
Monako
81%
Wielka Brytania
32%

Rozkład punktacji

Percentyl według liczby udzielonych odpowiedzi

Procent ludzi z każdym wynikiem

Twoja historia wyników

Nie rozwiązałeś tego quizu